000 02744nam0a2200349 4500
001 RU\NLR\BIBL_A\012861896
005 20250624185123.0
010 _a978-5-209-11231-0
_9100
021 _aRU
_b2022-34394
_9КН-П-2946
035 _a(RuMoRGB)011086352
035 _a(NLR Aleph) 012861896
090 _a12461627
_c12461627
100 _a20220808d2022 |||y0rusy50 ca
101 0 _arus
_afre
102 _aRU
105 _ay j 000zy
181 0 _ai3
_baxxe
182 0 _an
200 1 _aТеория вежливости и речевой этикет во французской культуре
_eучебно-методическое пособие
_eдля студентов, изучающих французский язык
_fС. А. Шейпак
_gФедеральное государственное автономное образовательное учреждение высшего образования "Российский университет дружбы народов"
203 _aТекст
_bвизуальный
_cнепосредственный
210 _aМосква
_cРоссийский университет дружбы народов
_d2022
215 _a111 с.
_d20
320 _aБиблиогр.: с. 105-111
330 _aПособие адресовано тем, кто интересуется проблемами межкультурнойного взаимодействия, связанными с концептуализацией в языке, в частности во французском, представлений о вежливости и этикете. В издании рассматриваются этапы формирования концепта вежливости во французской культуре и анализируются языковые механизмы, которые позволяют реализовывать стратегии вежливости во французском языке. Предназначено для студентов, изучающих французский язык, а также для широкого круга читателей, интересующихся проблемами межкультурного взаимодействия
606 1 _aФранцузский язык
_jУчебные издания для высших учебных заведений
_xРечевой этикет
_92469073
_3RU\NLR\AUTH\661466591
675 _a008(44)(075.8)
_v4
686 1 _aШ147.11-93рус3-72
700 1 _aШейпак
_bС. А.
_gСветлана Александровна
942 _cBOOK
980 _aNB